000 00975nas a2200313 4500
001 BR0601666
003 BR-BrBNA
005 20231205105942.0
007 ta
008 230509b bl.|||p| |||| 00| 00por d
040 _aBR-BrBNA
_bpor
_cBiblioteca Nacional de Agricultura
041 _a(Pt)
072 _aQ03
100 1 _aSigarini, C. de O.
100 1 _aOliveira, L.A.T. de
100 1 _aFranco, R.M.
100 1 _aFigueiredo, E.E. de S.
100 1 _aCarvalho, J.C.A do P.
245 1 _aAvaliação bacteriológica da carne bovina desossada, em estabelecimentos comerciais do Município de Cuiabá, MT
650 _aCARNE
650 _aBOVINO
650 _aINSPEÇÃO SANITÁRIA
650 _aSALMONELOSE
650 _aANÁLISE MICROBIOLÓGICA
650 _aMATO GROSSO DO SUL
773 0 _tHigiene Alimentar (Brazil)
_xISSN 0101-9171
_g(Mar 2006), v. 20(139) p. 89-97
_wBR0601666
909 _a202311
_bLúcia
_c55
_dLúcia Elande
942 _2AGRIS
_n0
_cANA
999 _c185517
_d185517